Schaum's outline of theory and problems of elements of statistics II : (Record no. 804)
[ view plain ]
| 000 -LEADER | |
|---|---|
| fixed length control field | 00958cam a22002534a 4500 |
| 001 - CONTROL NUMBER | |
| control field | 3104493 |
| 005 - DATE AND TIME OF LATEST TRANSACTION | |
| control field | 20241107130453.0 |
| 008 - FIXED-LENGTH DATA ELEMENTS--GENERAL INFORMATION | |
| fixed length control field | 990630s1999 nyua 001 0 eng |
| 020 ## - INTERNATIONAL STANDARD BOOK NUMBER | |
| International Standard Book Number | 0071346376 |
| 020 ## - INTERNATIONAL STANDARD BOOK NUMBER | |
| International Standard Book Number | 9780071346375 |
| 050 00 - LIBRARY OF CONGRESS CALL NUMBER | |
| Classification number | QA276.2 |
| Item number | .B425 1999 |
| 082 00 - DEWEY DECIMAL CLASSIFICATION NUMBER | |
| Classification number | 519.5/076 |
| Edition information | 21 |
| 100 1# - MAIN ENTRY--PERSONAL NAME | |
| Personal name | Bernstein, Stephen. |
| 245 10 - TITLE STATEMENT | |
| Title | Schaum's outline of theory and problems of elements of statistics II : |
| Remainder of title | inferential statistics / |
| Statement of responsibility, etc. | Stephen Bernstein, Ruth Bernstein. |
| 260 ## - PUBLICATION, DISTRIBUTION, ETC. | |
| Place of publication, distribution, etc. | New York : |
| Name of publisher, distributor, etc. | McGraw-Hill, |
| Date of publication, distribution, etc. | c1999. |
| 300 ## - PHYSICAL DESCRIPTION | |
| Extent | xiii, 451 p. : |
| Other physical details | ill. ; |
| Dimensions | 28 cm. |
| 500 ## - GENERAL NOTE | |
| General note | Includes index. |
| 650 #0 - SUBJECT ADDED ENTRY--TOPICAL TERM | |
| Topical term or geographic name entry element | Statistics |
| Form subdivision | Problems, exercises, etc. |
| 650 #0 - SUBJECT ADDED ENTRY--TOPICAL TERM | |
| Topical term or geographic name entry element | Statistics |
| Form subdivision | Outlines, syllabi, etc. |
| 700 1# - ADDED ENTRY--PERSONAL NAME | |
| Personal name | Bernstein, Ruth. |
| 856 42 - ELECTRONIC LOCATION AND ACCESS | |
| Materials specified | Contributor biographical information |
| Uniform Resource Identifier | <a href="http://www.loc.gov/catdir/bios/mh041/99038347.html">http://www.loc.gov/catdir/bios/mh041/99038347.html</a> |
| 856 42 - ELECTRONIC LOCATION AND ACCESS | |
| Materials specified | Publisher description |
| Uniform Resource Identifier | <a href="http://www.loc.gov/catdir/description/mh023/99038347.html">http://www.loc.gov/catdir/description/mh023/99038347.html</a> |
| 942 ## - ADDED ENTRY ELEMENTS (KOHA) | |
| Source of classification or shelving scheme | Library of Congress Classification |
| Koha item type | Books |
| Suppress in OPAC | No |
| 999 ## - | |
| -- | 804 |
| -- | 804 |
| Withdrawn status | Lost status | Source of classification or shelving scheme | Damaged status | Not for loan | Collection | Home library | Current library | Shelving location | Date acquired | Total checkouts | Full call number | Barcode | Date last seen | Copy number | Price effective from | Koha item type |
|---|---|---|---|---|---|---|---|---|---|---|---|---|---|---|---|---|
| Library of Congress Classification | Non-fiction | Business Library (Miotso) | Business Library (Miotso) | General stacks | 11/02/2024 | QA276.2 .B425 1999 | BSSM00000156 | 11/07/2024 | 1 | 11/02/2024 | Books | |||||
| Library of Congress Classification | Non-fiction | Business Library (Miotso) | Business Library (Miotso) | General stacks | 11/02/2024 | QA276.2 .B425 1999 | BSSM00000157 | 11/07/2024 | 2 | 11/02/2024 | Books | |||||
| Library of Congress Classification | Non-fiction | Business Library (Miotso) | Business Library (Miotso) | General stacks | 11/02/2024 | QA276.2 .B425 1999 | BSSM00000158 | 11/07/2024 | 3 | 11/02/2024 | Books | |||||
| Library of Congress Classification | Non-fiction | Business Library (Miotso) | Business Library (Miotso) | General stacks | 11/02/2024 | QA276.2 .B425 1999 | BSSM00000159 | 11/07/2024 | 4 | 11/02/2024 | Books |